[Event "Scarborough CC LH Summer op"]
[Site "Toronto CAN"]
[Date "2010.06.10"]
[Round "6"]
[White "Luiting, Larry"]
[Black "Paterson, Jim"]
[Result "1/2-1/2"]
[WhiteElo "1653"]
[BlackElo "1852"]
[PlyCount "54"]
[EventDate "2010.04.29"]
[EventType "swiss"]
[EventRounds "8"]
[EventCountry "CAN"]

1. e4 e6 2. d4 b6 3. Nd2 Ba6 4. c4 c6 5. Ngf3 Bb4 6. Qa4 Qe7 7. Be2 Nf6 8. O-O
Bxd2 9. Nxd2 d5 10. e5 Nfd7 11. b4 O-O 12. Ba3 Bb7 13. Rab1 Rc8 14. f4 g6 15.
Qc2 a6 16. Rb3 f5 17. g4 fxg4 18. Bxg4 b5 19. c5 Nf8 20. Rg3 Kh8 21. Nf3 Rc7
22. h4 Bc8 23. Bc1 Raa7 24. Rf2 Qe8 25. Rh2 Rg7 26. Kh1 h5 27. Bh3 Rae7 1/2-1/2

[Event "Scarborough CC LH Summer op"]
[Site "Toronto CAN"]
[Date "2010.06.10"]
[Round "6"]
[White "Manalo, Pepin"]
[Black "Bellissimo, Joseph"]
[Result "1-0"]
[WhiteElo "1879"]
[BlackElo "1828"]
[PlyCount "105"]
[EventDate "2010.04.29"]
[EventType "swiss"]
[EventRounds "8"]
[EventCountry "CAN"]

1. e4 e5 2. Nf3 Nf6 3. d4 Nxe4 4. dxe5 d5 5. Bd3 f5 6. Be3 Be7 7. h4 Nd7 8. c4
c6 9. Qb3 Ndc5 10. Qc2 Nxd3+ 11. Qxd3 Qa5+ 12. Nbd2 Bb4 13. O-O O-O 14. Nb3 f4
15. Nxa5 fxe3 16. Nb3 exf2+ 17. Rxf2 Nxf2 18. Kxf2 Bf5 19. Qd4 Be7 20. cxd5 Kh8
21. d6 Bd8 22. Qc3 Bb6+ 23. Kg3 Bd7 24. Re1 Rae8 25. Nc5 Bxc5 26. Qxc5 b6 27.
Qc2 c5 28. Ng5 Bf5 29. Qb3 h6 30. Nf3 Be6 31. Qa4 a5 32. a3 Rb8 33. h5 Rf5 34.
Qh4 Rf7 35. b4 axb4 36. axb4 Rbf8 37. bxc5 bxc5 38. Rc1 Rc8 39. Nd4 cxd4 40.
Rxc8+ Bxc8 41. Qd8+ Kh7 42. Qxc8 d3 43. d7 Rxd7 44. Qxd7 d2 45. Qd3+ Kg8 46. e6
d1=Q 47. Qxd1 Kh7 48. e7 g5 49. e8=R Kg7 50. Qd7+ Kf6 51. Qe6+ Kg7 52. Rg8+ Kh7
53. Qg6# 1-0

[Event "Scarborough CC LH Summer op"]
[Site "Toronto CAN"]
[Date "2010.06.10"]
[Round "6"]
[White "Mesiti, Silvano"]
[Black "Conte, Mike"]
[Result "1-0"]
[WhiteElo "1692"]
[BlackElo "1907"]
[PlyCount "84"]
[EventDate "2010.04.29"]
[EventType "swiss"]
[EventRounds "8"]
[EventCountry "CAN"]

1. e4 c6 2. Nf3 d5 3. exd5 cxd5 4. d4 a6 5. Nc3 Bg4 6. Be2 e6 7. O-O Nf6 8. Re1
Be7 9. Ne5 Bxe2 10. Qxe2 Qb6 11. Nf3 Nc6 12. Rd1 O-O 13. Nb1 Rad8 14. c3 Rfe8
15. Bg5 Qc7 16. Nbd2 h6 17. Be3 Ng4 18. h3 Nxe3 19. Qxe3 Bf6 20. Qd3 e5 21.
dxe5 Bxe5 22. Nb3 Bd6 23. Re1 Ne5 24. Nxe5 Rxe5 25. Rxe5 Bxe5 26. Re1 Bf6 27.
Nd4 g6 28. a3 Rd7 29. Re2 Be7 30. Qe3 Kh7 31. Qf3 Bc5 32. Qf6 Bf8 33. Qf3 Bg7
34. g3 b5 35. Qd3 Bf8 36. Kg2 Qb6 37. h4 Bg7 38. Nf5 d4 39. Nxg7 Kxg7 40. Rd2
dxc3 41. Qxc3+ Kh7 42. Rxd7 Qe6 1-0

[Event "Scarborough CC LH Summer op"]
[Site "Toronto CAN"]
[Date "2010.06.10"]
[Round "6"]
[White "Moran-Venegas, Mario"]
[Black "Rutherdale, William"]
[Result "1/2-1/2"]
[WhiteElo "1722"]
[BlackElo "1756"]
[PlyCount "89"]
[EventDate "2010.04.29"]
[EventType "swiss"]
[EventRounds "8"]
[EventCountry "CAN"]

1. e4 e5 2. Nf3 Nc6 3. Bb5 a6 4. Ba4 Nf6 5. O-O Be7 6. Re1 b5 7. Bb3 d6 8. c3
O-O 9. h3 Na5 10. Bc2 c5 11. d4 Nd7 12. Nbd2 exd4 13. cxd4 Nc6 14. d5 Nce5 15.
b3 Bf6 16. Rb1 Qc7 17. Qe2 Re8 18. a4 Rb8 19. Nxe5 Nxe5 20. f4 Ng6 21. Nf3 Bb7
22. Qd2 b4 23. Bb2 Bxb2 24. Rxb2 a5 25. Bd3 Qb6 26. Kh2 Ba6 27. g3 f6 28. h4
Bxd3 29. Qxd3 Rbc8 30. Nd2 Qc7 31. h5 Nf8 32. Nc4 Nd7 33. Kg2 Nb6 34. Kf3 Nxc4
35. Qxc4 Qf7 36. g4 g6 37. hxg6 hxg6 38. Rh2 Kg7 39. Qa6 Qc7 40. Reh1 Rh8 41.
Rxh8 Rxh8 42. Rxh8 Kxh8 43. Qc6 Qd8 44. Qb7 Kg8 45. Qa7 1/2-1/2

[Event "Scarborough CC LH Summer op"]
[Site "Toronto CAN"]
[Date "2010.06.10"]
[Round "6"]
[White "Moysoski, Randy"]
[Black "Armstrong, Robert J"]
[Result "0-1"]
[WhiteElo "1955"]
[BlackElo "1764"]
[PlyCount "74"]
[EventDate "2010.04.29"]
[EventType "swiss"]
[EventRounds "8"]
[EventCountry "CAN"]

1. e4 g6 2. Nc3 Bg7 3. g3 d6 4. Bg2 Nf6 5. d3 O-O 6. Bg5 h6 7. Be3 Ng4 8. Bd2
e5 9. f3 Nf6 10. Nh3 Nc6 11. O-O Be6 12. Nf2 Nd4 13. Be3 Nh5 14. Qd2 Kh7 15. f4
exf4 16. gxf4 Qh4 17. Ncd1 g5 18. Nh1 Bh3 19. Bxh3 Qxh3 20. Qg2 Qxg2+ 21. Kxg2
Nxc2 22. Rb1 Nxe3+ 23. Nxe3 Nxf4+ 24. Kf3 Nxd3 25. Nf5 Rae8 26. Nhg3 Be5 27.
Ne2 Nxb2 28. h4 Nc4 29. Rbd1 gxh4 30. Nxh4 Bf6 31. Nf5 Ne5+ 32. Ke3 Bg5+ 33.
Kd4 Nc6+ 34. Kd3 Re5 35. Rb1 b6 36. Rh1 d5 37. Nfg3 dxe4+ 0-1

[Event "Scarborough CC LH Summer op"]
[Site "Toronto CAN"]
[Date "2010.06.10"]
[Round "6"]
[White "Picana, Andrew"]
[Black "Moffat, Andrei"]
[Result "0-1"]
[WhiteElo "2114"]
[BlackElo "2289"]
[PlyCount "102"]
[EventDate "2010.04.29"]
[EventType "swiss"]
[EventRounds "8"]
[EventCountry "CAN"]

1. d4 d5 2. c4 Nc6 3. e3 e5 4. dxe5 d4 5. Nf3 Bb4+ 6. Bd2 dxe3 7. fxe3 Nh6 8.
Qb3 Bxd2+ 9. Nbxd2 O-O 10. O-O-O Qe7 11. h3 Re8 12. Bd3 Nxe5 13. Nxe5 Qxe5 14.
Rhe1 Bf5 15. Nf3 Qc5 16. e4 Be6 17. Qc3 Rad8 18. b4 Qe7 19. Kb2 c5 20. b5 f6
21. Bc2 Nf7 22. Rd5 Bxd5 23. exd5 Qd6 24. Rf1 Qg3 25. Qd3 g6 26. Qd2 Ne5 27.
Nxe5 Qxe5+ 28. Kb1 Kg7 29. Qa5 Rd7 30. Bd3 b6 31. Qd2 Qd4 32. Kc2 a6 33. bxa6
Ra7 34. Qc3 Qxc3+ 35. Kxc3 Rxa6 36. Kb2 Kf7 37. Rf2 Rea8 38. Ka1 Ra3 39. Rd2
Ke7 40. d6+ Kd7 41. Be4 Re8 42. Bd5 Ree3 43. Bg8 Rad3 44. Rf2 Rxd6 45. Bxh7 g5
46. Kb2 Kc6 47. Bc2 b5 48. Bb3 b4 49. Bd1 Rxd1 50. Rxf6+ Rd6 51. Rf2 Rde6 0-1

[Event "Scarborough CC LH Summer op"]
[Site "Toronto CAN"]
[Date "2010.06.10"]
[Round "6"]
[White "Song, Michael"]
[Black "Posaratnanathan, Roy"]
[Result "0-1"]
[WhiteElo "1927"]
[BlackElo "1723"]
[PlyCount "77"]
[EventDate "2010.04.29"]
[EventType "swiss"]
[EventRounds "8"]
[EventCountry "CAN"]

1. e4 c5 2. Nc3 Nc6 3. f4 g6 4. Nf3 Bg7 5. Bb5 a6 6. Bc4 e6 7. d3 Nge7 8. O-O
b5 9. Bb3 O-O 10. Be3 d6 11. Qe1 Nd4 12. Qf2 Nec6 13. Bxd4 Nxd4 14. Rab1 a5 15.
a4 Nxb3 16. cxb3 b4 17. Ne2 Ba6 18. Rfd1 Qb6 19. g4 f5 20. Ng5 Rae8 21. h3 h6
22. Nf3 Bxd3 23. Rxd3 fxe4 24. Rd2 exf3 25. Qxf3 d5 26. Kg2 Qd6 27. Qd3 Rf6 28.
Rf1 d4 29. Ng3 Qd5+ 30. Kh2 e5 31. Re2 Rfe6 32. Re4 exf4 33. Rexf4 Be5 34. R4f3
Bxg3+ 35. Kxg3 Qe5+ 36. Kg2 Qe2+ 37. R1f2 Qxd3 38. Rxd3 Re3 39. Rdd2 0-1

[Event "Scarborough CC LH Summer op"]
[Site "Toronto CAN"]
[Date "2010.06.10"]
[Round "6"]
[White "Southam, David"]
[Black "Peng, Bill"]
[Result "1-0"]
[WhiteElo "2119"]
[BlackElo "2186"]
[PlyCount "103"]
[EventDate "2010.04.29"]
[EventType "swiss"]
[EventRounds "8"]
[EventCountry "CAN"]

1. d4 e6 2. c4 Nf6 3. Nc3 b6 4. e4 Bb4 5. Bd3 Bb7 6. f3 c5 7. d5 d6 8. Nge2
Nbd7 9. a3 Bxc3+ 10. Nxc3 Ne5 11. Be2 Ng6 12. O-O O-O 13. Be3 Re8 14. Qd2 exd5
15. cxd5 a6 16. a4 Rc8 17. b3 Re5 18. Bd3 Qe8 19. Rae1 h5 20. h3 h4 21. Bg5 Nh7
22. Be3 Nf6 23. f4 Nxe4 24. Bxe4 Rxe4 25. Nxe4 Qxe4 26. f5 Ne5 27. Bxc5 Qd3 28.
Be3 Qxd2 29. Bxd2 Bxd5 30. Rc1 Re8 31. Rc3 Nd7 32. Re1 Rd8 33. Rd3 Nf6 34. Bg5
Bb7 35. Bxf6 gxf6 36. Re7 Bc8 37. Rd4 Bxf5 38. Rxh4 Be6 39. Rb4 d5 40. Rxb6 d4
41. Kf2 d3 42. Ke1 Bf5 43. Kd2 Rc8 44. Rxf6 Rc2+ 45. Kd1 Bg6 46. Rxg6+ fxg6 47.
Re6 Rxg2 48. Rxa6 Rb2 49. Rb6 g5 50. a5 Kf7 51. a6 Ra2 52. b4 1-0

[Event "Scarborough CC LH Summer op"]
[Site "Toronto CAN"]
[Date "2010.06.10"]
[Round "6"]
[White "Ward, Dean"]
[Black "Casareno, Erwin"]
[Result "0-1"]
[WhiteElo "1840"]
[BlackElo "2156"]
[PlyCount "99"]
[EventDate "2010.04.29"]
[EventType "swiss"]
[EventRounds "8"]
[EventCountry "CAN"]

1. d4 d5 2. c4 c6 3. e3 Nf6 4. h3 Nbd7 5. Nf3 Qc7 6. Nc3 e6 7. a3 Be7 8. b4 a5
9. Rb1 axb4 10. axb4 dxc4 11. Bxc4 Nb6 12. Bd3 Nfd5 13. Nxd5 Nxd5 14. Bd2 Ra3
15. Qc2 h6 16. O-O O-O 17. Ne5 Bd7 18. Rfc1 Rfa8 19. Bh7+ Kf8 20. b5 Ra2 21.
Qd1 Bd6 22. bxc6 Bxc6 23. Nxc6 bxc6 24. Be4 f5 25. Bf3 R8a3 26. e4 Bh2+ 27. Kh1
Rd3 28. Rc2 Nc3 29. Qc1 Nxb1 30. Bb4+ Bd6 31. Bxd6+ Qxd6 32. Rxa2 Nc3 33. Ra8+
Ke7 34. exf5 exf5 35. Qe1+ Kf6 36. Ra6 Nd5 37. Qc1 Nb4 38. Ra4 Rxd4 39. Qc3 c5
40. g4 fxg4 41. Bxg4 Qe5 42. Ra3 Nd3 43. Ra6+ Kg5 44. Qd2+ Nf4 45. Qe3 Re4 46.
Qg3 Ng6 47. Bf3+ Qxg3 48. Rxg6+ Kxg6 49. Bxe4+ Kf6 50. fxg3 0-1

[Event "Scarborough CC LH Summer op"]
[Site "Toronto CAN"]
[Date "2010.06.10"]
[Round "6"]
[White "Xie, Peter"]
[Black "Corvo, Paul"]
[Result "0-1"]
[WhiteElo "1584"]
[BlackElo "1820"]
[PlyCount "66"]
[EventDate "2010.04.29"]
[EventType "swiss"]
[EventRounds "8"]
[EventCountry "CAN"]

1. e4 e5 2. Nf3 Nc6 3. Bb5 a6 4. Ba4 Nf6 5. O-O Be7 6. Re1 b5 7. Bb3 O-O 8. c3
d5 9. exd5 Nxd5 10. Nxe5 Nxe5 11. Rxe5 c6 12. Bxd5 cxd5 13. d4 Bd6 14. Re3 Qh4
15. h3 f5 16. Qf3 Bb7 17. Nd2 g5 18. Nf1 g4 19. Qe2 f4 20. g3 fxe3 21. gxh4
exf2+ 22. Kg2 gxh3+ 23. Kxh3 Rae8 24. Qh5 Bc8+ 25. Kg2 Bf5 26. Ng3 Be4+ 27. Kf1
Bd3+ 28. Kg2 Be4+ 29. Kf1 Bxg3 30. Bh6 Bg6 31. Qxd5+ Kh8 32. Bg7+ Kxg7 33. Qd7+
Kh8 0-1

[Event "Scarborough CC LH Summer op"]
[Site "Toronto CAN"]
[Date "2010.06.10"]
[Round "6"]
[White "Yusuf, Magas"]
[Black "Wu, Kevin"]
[Result "1/2-1/2"]
[WhiteElo "1820"]
[BlackElo "1920"]
[PlyCount "22"]
[EventDate "2010.04.29"]
[EventType "swiss"]
[EventRounds "8"]
[EventCountry "CAN"]

1. d4 Nf6 2. Nf3 g6 3. c4 Bg7 4. Nc3 O-O 5. e4 d6 6. Be2 Nc6 7. O-O e5 8. d5
Ne7 9. Ne1 Ne8 10. b4 f5 11. Nd3 Nf6 1/2-1/2

[Event "Scarborough CC LH Summer op"]
[Site "Toronto CAN"]
[Date "2010.06.10"]
[Round "6"]
[White "Zhou, Kevin"]
[Black "Super, Russell"]
[Result "1-0"]
[WhiteElo "1879"]
[BlackElo "1430"]
[PlyCount "49"]
[EventDate "2010.04.29"]
[EventType "swiss"]
[EventRounds "8"]
[EventCountry "CAN"]

1. e4 c5 2. Nf3 Nc6 3. d4 cxd4 4. Nxd4 Nf6 5. Nc3 g6 6. Nxc6 bxc6 7. e5 Nh5 8.
Be2 Ng7 9. O-O Ne6 10. Bg4 Bg7 11. f4 Qb6+ 12. Kh1 O-O 13. f5 gxf5 14. Bxf5 Rd8
15. Qh5 Nf8 16. Ne4 Ng6 17. Ng5 h6 18. Nxf7 Kxf7 19. Qxg6+ Kg8 20. Qh7+ Kf7 21.
Bg6+ Ke6 22. Bf7+ Kxe5 23. Bf4+ Kd4 24. Qd3+ Kc5 25. Qc4# 1-0

[Event "Scarborough CC LH Summer op"]
[Site "Toronto CAN"]
[Date "2010.06.17"]
[Round "7"]
[White "Al Ganabi, Haqi"]
[Black "Bzikot, Robert"]
[Result "1-0"]
[WhiteElo "1965"]
[BlackElo "1943"]
[PlyCount "55"]
[EventDate "2010.04.29"]
[EventType "swiss"]
[EventRounds "8"]
[EventCountry "CAN"]

1. e4 d6 2. d4 Nf6 3. Bd3 g6 4. f4 Bg7 5. e5 Nfd7 6. Nf3 O-O 7. O-O c5 8. c3
cxd4 9. cxd4 Qb6 10. Kh1 Nc6 11. Nc3 dxe5 12. fxe5 e6 13. Be4 h6 14. Ne2 Rd8
15. Qe1 Qc7 16. Qh4 h5 17. Bg5 Rf8 18. Rac1 Nb6 19. Bxc6 bxc6 20. Be7 Re8 21.
Bd6 Qd7 22. Ng5 f5 23. exf6 Qxd6 24. f7+ Kh8 25. fxe8=Q+ Bf8 26. Rxf8+ Kg7 27.
Rg8+ Kh6 28. Rxg6# 1-0

[Event "Scarborough CC LH Summer op"]
[Site "Toronto CAN"]
[Date "2010.06.17"]
[Round "7"]
[White "Armstrong, Robert J"]
[Black "Al Ganabi, Zaidun"]
[Result "1/2-1/2"]
[WhiteElo "1764"]
[BlackElo "1520"]
[PlyCount "75"]
[EventDate "2010.04.29"]
[EventType "swiss"]
[EventRounds "8"]
[EventCountry "CAN"]

1. d4 d5 2. c4 e6 3. e3 Nf6 4. Nf3 c6 5. Bd3 Bd6 6. O-O Nbd7 7. Nc3 O-O 8. b3
e5 9. dxe5 Nxe5 10. Nxe5 Bxe5 11. Bb2 Bxh2+ 12. Kxh2 Ng4+ 13. Kg3 Qd6+ 14. f4
Nxe3 15. Bxh7+ Kxh7 16. Rh1+ Kg8 17. Qh5 Qg6+ 18. Qxg6 fxg6 19. cxd5 Nxd5 20.
Nxd5 cxd5 21. Rhe1 Bf5 22. Re7 Rf7 23. Rae1 Be4 24. Rxf7 Kxf7 25. Rc1 Re8 26.
Rc7+ Re7 27. Rxe7+ Kxe7 28. Bxg7 Kd6 29. Bd4 a6 30. Kf2 Kc6 31. g4 Kb5 32. Bc3
Kc5 33. Ke3 b5 34. Bf6 Kb4 35. Be7+ Kc3 36. Bf6+ Kb4 37. Be7+ Kc3 38. Bf6+
1/2-1/2

[Event "Scarborough CC LH Summer op"]
[Site "Toronto CAN"]
[Date "2010.06.17"]
[Round "7"]
[White "Bao, Stephen"]
[Black "Moysoski, Randy"]
[Result "0-1"]
[WhiteElo "1684"]
[BlackElo "1955"]
[PlyCount "95"]
[EventDate "2010.04.29"]
[EventType "swiss"]
[EventRounds "8"]
[EventCountry "CAN"]

1. d4 Nf6 2. c4 e5 3. dxe5 Ng4 4. Bf4 Nc6 5. Nf3 Bb4+ 6. Nbd2 Qe7 7. a3 Ngxe5
8. Nxe5 Nxe5 9. e3 Bxd2+ 10. Qxd2 d6 11. Be2 O-O 12. O-O b6 13. Rfd1 Bb7 14.
Rac1 a5 15. b4 axb4 16. axb4 Rfd8 17. Qc3 Ng6 18. Bg3 f5 19. Bd3 Rf8 20. Qd4
Ne5 21. Bb1 Nd7 22. h3 g6 23. Rd2 Qf6 24. Bh4 Qg7 25. Qxg7+ Kxg7 26. Rcd1 h6
27. Rb2 g5 28. Bg3 f4 29. exf4 gxf4 30. Bh4 Bc6 31. Bd3 Rfe8 32. f3 Ra3 33. Bf2
Kf7 34. Rbd2 Rb3 35. Rb1 Ra3 36. Bd4 Ne5 37. Be2 Nd7 38. Kf2 Rg8 39. Rbb2 Rga8
40. Rd1 Rg8 41. Re1 Raa8 42. c5 bxc5 43. bxc5 dxc5 44. Bc4+ Kf8 45. Bxg8 Kxg8
46. Be5 Rc8 47. Bxf4 h5 48. Rbe2 0-1

[Event "Scarborough CC LH Summer op"]
[Site "Toronto CAN"]
[Date "2010.06.17"]
[Round "7"]
[White "Bellissimo, Joseph"]
[Black "Luiting, Larry"]
[Result "1-0"]
[WhiteElo "1828"]
[BlackElo "1653"]
[PlyCount "35"]
[EventDate "2010.04.29"]
[EventType "swiss"]
[EventRounds "8"]
[EventCountry "CAN"]

1. e4 d5 2. exd5 c6 3. dxc6 Nxc6 4. Nf3 e5 5. Nc3 Bc5 6. Bc4 Nf6 7. d3 Bg4 8.
h3 Bh5 9. g4 Nxg4 10. hxg4 Bxg4 11. Bd5 Nd4 12. Be3 O-O 13. Be4 f5 14. Bd5+ Kh8
15. Nxe5 Qxd5 16. Nxd5 Bxd1 17. Kxd1 Rfd8 18. Nf7+ 1-0

[Event "Scarborough CC LH Summer op"]
[Site "Toronto CAN"]
[Date "2010.06.17"]
[Round "7"]
[White "Bellomo, Joe"]
[Black "Mesiti, Silvano"]
[Result "1/2-1/2"]
[WhiteElo "1742"]
[BlackElo "1692"]
[PlyCount "79"]
[EventDate "2010.04.29"]
[EventType "swiss"]
[EventRounds "8"]
[EventCountry "CAN"]

1. e4 e5 2. Nf3 d6 3. c4 Nc6 4. Nc3 Nf6 5. d3 Be7 6. Be2 O-O 7. O-O Re8 8. Nd5
Nxd5 9. cxd5 Nb8 10. Be3 c5 11. Qb3 b6 12. Rac1 f5 13. exf5 Bxf5 14. Ne1 Nd7
15. Bh5 Rf8 16. f4 Nf6 17. Bf3 e4 18. dxe4 Bxe4 19. Bxe4 Nxe4 20. Qd3 Nf6 21.
Rf3 Qd7 22. Rh3 g6 23. Nf3 Ng4 24. Re1 Nxe3 25. Qxe3 Rae8 26. Qd2 Bf6 27. Rxe8
Rxe8 28. b3 Qf5 29. Rg3 Re7 30. h4 h6 31. h5 Qxh5 32. Rh3 Qf5 33. Rxh6 Rh7 34.
Rxh7 Kxh7 35. Ng5+ Bxg5 36. fxg5 Qe5 37. Kh1 Qa1+ 38. Kh2 Qe5+ 39. Kh3 Qf5+ 40.
Kh2 1/2-1/2

[Event "Scarborough CC LH Summer op"]
[Site "Toronto CAN"]
[Date "2010.06.17"]
[Round "7"]
[White "Conte, Mike"]
[Black "Al Ganabi, Yasir"]
[Result "1-0"]
[WhiteElo "1907"]
[BlackElo "1364"]
[PlyCount "50"]
[EventDate "2010.04.29"]
[EventType "swiss"]
[EventRounds "8"]
[EventCountry "CAN"]

1. e4 e5 2. Nf3 Nc6 3. Nc3 Bb4 4. d4 exd4 5. Nxd4 Bxc3+ 6. bxc3 Nf6 7. Bd3 O-O
8. O-O d5 9. Nxc6 bxc6 10. Bg5 Qd6 11. f3 h6 12. Be3 Re8 13. Bd4 dxe4 14. fxe4
Nxe4 15. Qh5 Qg6 16. Qxg6 fxg6 17. Rae1 Nd6 18. Rxe8+ Nxe8 19. Bxg6 Ba6 20. Rf7
Bc4 21. Re7 Kf8 22. Rxe8+ Rxe8 23. Bxg7+ Kxg7 24. Bxe8 Bxa2 25. Bxc6 Kf6 1-0

[Event "Scarborough CC LH Summer op"]
[Site "Toronto CAN"]
[Date "2010.06.17"]
[Round "7"]
[White "Corvo, Paul"]
[Black "Casareno, Erwin"]
[Result "1-0"]
[WhiteElo "1820"]
[BlackElo "2156"]
[PlyCount "96"]
[EventDate "2010.04.29"]
[EventType "swiss"]
[EventRounds "8"]
[EventCountry "CAN"]

1. e4 d5 2. exd5 Qxd5 3. Nc3 Qa5 4. d4 Nf6 5. Nf3 Bg4 6. Bd2 Nbd7 7. Bc4 e6 8.
Nd5 Qa4 9. Nxc7+ Kd8 10. Bb3 Qc6 11. Nxa8 Qe4+ 12. Be3 Bd6 13. O-O Ke7 14. c4
Rxa8 15. Re1 Qf5 16. c5 Bc7 17. d5 Bxh2+ 18. Kxh2 Qh5+ 19. Kg1 Ne5 20. d6+ Kf8
21. d7 Nxf3+ 22. gxf3 Bxf3 23. Qd6+ Kg8 24. d8=Q+ Ne8 25. Qxe8+ Rxe8 26. Qh2
Qf5 27. Bd1 Bc6 28. Rc1 e5 29. Qh5 Qe4 30. f3 Qb4 31. Be2 Re6 32. Kf2 Qxb2 33.
Rh1 h6 34. Qf5 e4 35. f4 Bb5 36. Rhe1 Bd3 37. Qd5 Qf6 38. Rh1 Qb2 39. Rce1 Rg6
40. Qb3 Qf6 41. Bxd3 exd3 42. Qxd3 Qc6 43. Rhg1 Rf6 44. Qd8+ Kh7 45. Qd3+ g6
46. Qd4 Qa6 47. Bd2 g5 48. Re4 Rf5 1-0

[Event "Scarborough CC LH Summer op"]
[Site "Toronto CAN"]
[Date "2010.06.17"]
[Round "7"]
[White "Ferreira, Alex"]
[Black "Huston, Scott"]
[Result "1-0"]
[WhiteElo "2067"]
[BlackElo "1666"]
[PlyCount "75"]
[EventDate "2010.04.29"]
[EventType "swiss"]
[EventRounds "8"]
[EventCountry "CAN"]

1. e4 c5 2. Nf3 d6 3. d4 cxd4 4. Nxd4 Nf6 5. Nc3 a6 6. a4 e5 7. Nf3 Be6 8. Ng5
Qc8 9. Nxe6 Qxe6 10. Bg5 Be7 11. Bxf6 Bxf6 12. Nd5 Bd8 13. Bc4 Qc8 14. Bb3 Nd7
15. Qg4 O-O 16. Ne3 Ba5+ 17. Ke2 Nf6 18. Qxc8 Raxc8 19. f3 g6 20. Rad1 Rfd8 21.
g4 Kf8 22. h4 Ke7 23. h5 Bb6 24. g5 Bxe3 25. gxf6+ Kxf6 26. Kxe3 g5 27. h6 Ke7
28. c3 b5 29. a5 b4 30. c4 Rc5 31. Rd5 Rdc8 32. Rhd1 Rxd5 33. Rxd5 Rc5 34. Kf2
Rxd5 35. exd5 Kf6 36. Kg3 Kg6 37. Bc2+ Kxh6 38. c5 1-0

[Event "Scarborough CC LH Summer op"]
[Site "Toronto CAN"]
[Date "2010.06.17"]
[Round "7"]
[White "Graham, John"]
[Black "Stewart, Frankie"]
[Result "0-1"]
[WhiteElo "1483"]
[BlackElo "1794"]
[PlyCount "124"]
[EventDate "2010.04.29"]
[EventType "swiss"]
[EventRounds "8"]
[EventCountry "CAN"]

1. e4 e5 2. Nf3 Nf6 3. d3 Nc6 4. b3 Bc5 5. Bb2 d6 6. Be2 a5 7. O-O O-O 8. Nbd2
Qe7 9. Nc4 Nd4 10. Nxd4 exd4 11. Bf3 Nd7 12. a3 Ne5 13. Nd2 b5 14. g3 Qg5 15.
Be2 Qg6 16. Nf3 Bh3 17. Nh4 Qe6 18. Ng2 Qd7 19. f4 Ng4 20. Bxg4 Bxg4 21. Qd2 f5
22. Qf2 fxe4 23. Bxd4 Bxd4 24. Qxd4 exd3 25. Qxd3 Bf5 26. Qd2 Qc6 27. Rf2 Rfe8
28. Ne3 Bh3 29. Qd5+ Qxd5 30. Nxd5 Rac8 31. Rc1 c6 32. Nc3 Re3 33. Ne2 c5 34.
f5 Bg4 35. Nf4 Rf3 36. Rxf3 Bxf3 37. Re1 Kf7 38. h3 Re8 39. Rxe8 Kxe8 40. c3 b4
41. axb4 axb4 42. cxb4 cxb4 43. Nd3 Kd7 44. Nxb4 Be4 45. Kf2 Bxf5 46. h4 Be6
47. Nd3 Bxb3 48. Ke3 Bd1 49. Kf4 Ke7 50. g4 Ke6 51. Nb4 h6 52. Ke4 Bxg4 53. Kf4
Bd1 54. Nc6 Kf6 55. Nd4 Ba4 56. Ke4 Bd7 57. Kd5 Ke7 58. Ke4 Be6 59. Kf4 Kf6 60.
Nf3 Bd5 61. Nd4 Bb7 62. Nf5 g5+ 0-1

[Event "Scarborough CC LH Summer op"]
[Site "Toronto CAN"]
[Date "2010.06.17"]
[Round "7"]
[White "Kurkowski, Ken"]
[Black "Azmitia, Gabriel"]
[Result "0-1"]
[WhiteElo "1630"]
[BlackElo "1618"]
[PlyCount "68"]
[EventDate "2010.04.29"]
[EventType "swiss"]
[EventRounds "8"]
[EventCountry "CAN"]

1. d4 d5 2. Nf3 Nf6 3. g3 b6 4. Bg2 Bb7 5. O-O e6 6. c4 Bd6 7. Nc3 a6 8. Ne5
O-O 9. Re1 Ne4 10. Qc2 f5 11. f3 Nxc3 12. Qxc3 c5 13. e3 Nd7 14. b3 Qe7 15. Bb2
cxd4 16. exd4 Bb4 17. Qe3 Bxe1 18. Rxe1 Rfe8 19. Nxd7 Qxd7 20. Qe5 dxc4 21.
bxc4 Rac8 22. Rc1 Ba8 23. c5 bxc5 24. dxc5 Bd5 25. a3 Bc6 26. Bd4 Red8 27. Rc4
Qf7 28. Rb4 h6 29. Rb6 Rd5 30. Qe3 Qd7 31. Rxc6 Rxc6 32. f4 Rxd4 33. Bxc6 Rd1+
34. Kf2 Qxc6 0-1

[Event "Scarborough CC LH Summer op"]
[Site "Toronto CAN"]
[Date "2010.06.17"]
[Round "7"]
[White "Moffat, Andrei"]
[Black "Yusuf, Magas"]
[Result "1-0"]
[WhiteElo "2289"]
[BlackElo "1820"]
[PlyCount "39"]
[EventDate "2010.04.29"]
[EventType "swiss"]
[EventRounds "8"]
[EventCountry "CAN"]

1. e4 e5 2. d4 exd4 3. Qxd4 Nc6 4. Qe3 d6 5. Nc3 Be6 6. Bd2 Nf6 7. O-O-O Ne5 8.
Nf3 Nfg4 9. Qe1 Qf6 10. Nxe5 Nxe5 11. f4 Nc4 12. f5 Nxd2 13. fxe6 Nxf1 14.
exf7+ Qxf7 15. Rxf1 Qh5 16. Nd5 O-O-O 17. Qa5 Qh6+ 18. Kb1 Kd7 19. Qxc7+ Ke8
20. Qf7# 1-0

[Event "Scarborough CC LH Summer op"]
[Site "Toronto CAN"]
[Date "2010.06.17"]
[Round "7"]
[White "Moran-Venegas, Mario"]
[Black "Xie, Peter"]
[Result "1-0"]
[WhiteElo "1722"]
[BlackElo "1584"]
[PlyCount "121"]
[EventDate "2010.04.29"]
[EventType "swiss"]
[EventRounds "8"]
[EventCountry "CAN"]

1. e4 e5 2. Nf3 Nc6 3. Bb5 a6 4. Ba4 Nf6 5. O-O Be7 6. Re1 b5 7. Bb3 d6 8. c3
O-O 9. h3 Na5 10. Bc2 c5 11. d4 Nd7 12. Nbd2 exd4 13. cxd4 Nc6 14. d5 Nce5 15.
b3 Bf6 16. Rb1 Nb6 17. Nxe5 Bxe5 18. Nf3 Bf6 19. Be3 Qc7 20. Qd3 g6 21. Bh6 Re8
22. Ng5 c4 23. bxc4 Nxc4 24. f4 Nb2 25. Qb3 Qc5+ 26. Kh2 Nc4 27. Nf3 Bb7 28. a4
Na5 29. Qd3 Bc3 30. axb5 Bxe1 31. Nxe1 axb5 32. f5 Ba6 33. fxg6 hxg6 34. Qf3
Qd4 35. Bg5 Qe5+ 36. g3 Qxg5 37. h4 Qe5 38. Qe3 Nc4 39. Qf2 Na3 40. Nf3 Qf6 41.
Rb3 Nxc2 42. Qxc2 b4 43. Ng5 Rac8 44. Qd2 Rc4 45. Rf3 Qd4 46. Qa2 f6 47. Qxa6
fxg5 48. Qxd6 Rc2+ 49. Kh3 g4+ 50. Kxg4 Qxe4+ 51. Rf4 Qe2+ 52. Kh3 Qg2+ 53. Kg4
Qe2+ 54. Kh3 Qe7 55. Qxg6+ Qg7 56. Qxe8+ Kh7 57. Qe4+ Qg6 58. Rf7+ Kh6 59. Qf4+
Kh5 60. Rh7+ Qxh7 61. Qg5# 1-0

[Event "Scarborough CC LH Summer op"]
[Site "Toronto CAN"]
[Date "2010.06.17"]
[Round "7"]
[White "Paterson, Jim"]
[Black "Verde, Pino"]
[Result "1-0"]
[WhiteElo "1852"]
[BlackElo "1805"]
[PlyCount "104"]
[EventDate "2010.04.29"]
[EventType "swiss"]
[EventRounds "8"]
[EventCountry "CAN"]

1. e3 e5 2. c4 Nf6 3. Nc3 c6 4. d4 e4 5. d5 cxd5 6. Nxd5 Nxd5 7. Qxd5 Bb4+ 8.
Bd2 Qe7 9. Ne2 Nc6 10. Nc3 O-O 11. a3 Re8 12. Nb5 Bxd2+ 13. Qxd2 d5 14. cxd5
Rd8 15. O-O-O Qc5+ 16. Kb1 Ne5 17. Qc3 Qxc3 18. Nxc3 Ng4 19. Rd2 f5 20. h3 Ne5
21. Be2 a6 22. f4 Nf7 23. g4 Nd6 24. Rg1 fxg4 25. hxg4 b5 26. Rd4 Bb7 27. Rgd1
Rac8 28. Nxe4 Nxe4 29. Rxe4 Rxd5 30. Rxd5 Bxd5 31. Rd4 Bb3 32. Bf3 Re8 33. e4
Kf7 34. Rd7+ Re7 35. Rxe7+ Kxe7 36. Kc1 h6 37. Kd2 Kd6 38. Kc3 Be6 39. Kd4 g6
40. e5+ Kd7 41. Ke4 Bb3 42. f5 Bc2+ 43. Kf4 gxf5 44. gxf5 Ke7 45. Bg4 Bb3 46.
Ke4 Bf7 47. f6+ Ke8 48. e6 Bg6+ 49. Ke5 h5 50. Bf5 Bf7 51. exf7+ Kxf7 52. Be6+
Kf8 1-0